Paroles de "Et je me rappelle" de Professeur Daniel - Statistiques

Statistiques générales
  • Ce quiz a été pris 15 fois
  • Le résultat moyen est 74 sur 139
Statistiques - réponses
Réponse % Correct
Et
100%
j'm-
100%
rappelle
100%
j'me
91%
à
82%
bien
82%
le
82%
ma
82%
on
82%
quand
82%
Quand
82%
tout
82%
allait
73%
mangeait
64%
train
64%
chien
55%
Marcel
55%
Paris
55%
prenait
55%
promenait
55%
yeah
55%
indien
45%
pain
45%
du
36%
C'est
27%
c'est
27%
tu
27%
Tu
27%
coupais
18%
dans
18%
de
18%
d'fouiller
18%
d'me
18%
douloureux
18%
éviter
18%
j'aimerais
18%
J'essaie
18%
j'l'aime
18%
la
18%
les
18%
mains
18%
mais
18%
métier
18%
mon
18%
Morrel
18%
Parfois
18%
pensées
18%
petites
18%
prof
18%
raccrocher
18%
rappeler
18%
regardes
18%
Sylvain
18%
tes
18%
vérité
18%
voisin
18%
corps
9%
dis
9%
es
9%
fin
9%
mes
9%
moins
9%
parle
9%
pas
9%
présente
9%
qu'c'est
9%
se
9%
tête
9%
veines
9%
Aucun quiz correspondant
Distribution des résultats
% des personnes avec chaque résultat
Percentile par nombre de réponses
Votre historique - résultats
Vous n’avez pas pris ce quiz